[Event "28th Rilton Cup"]
[Site "Stockholm SWE"]
[Date "1999.01.02"]
[Round "5.5"]
[White "Nataf, Igor-Alexandre"]
[Black "Hector, Jonny"]
[Result "1/2-1/2"]
[WhiteElo "2485"]
[BlackElo "2510"]
[EventDate "1998.12.28"]
[PlyCount "61"]

1.e4 e5 2.Nf3 Nc6 3.d4 exd4 4.Nxd4 Qf6 5.Be3 Bc5 6.c3 Qg6 7.Nd2 Nf6 8.f4 
Nxd4 9.cxd4 Bb4 10.f5 Qg4 11.e5 Qe4 12.Ke2 Bxd2 13.Kxd2 Nd5 14.Qf3 Qxf3 
15.gxf3 d6 16.Bd3 dxe5 17.dxe5 Bd7 18.Rhg1 O-O-O 19.Rxg7 Nb4 20.Kc3 Nxd3 
21.Kxd3 Bxf5+ 22.Ke2 Rhe8 23.Rxf7 Bg6 24.Rg7 Rxe5 25.Kf2 Rf5 26.Rc1 c6 27.
Rc3 Rd1 28.Rb3 Bf7 29.Rb4 a5 30.Rf4 Bg6 31.Rg8+ 1/2-1/2

[Event "28th Rilton Cup"]
[Site "Stockholm SWE"]
[Date "1999.01.02"]
[Round "5.11"]
[White "Eriksson, Johan"]
[Black "Gleizerov, Evgeny"]
[Result "1/2-1/2"]
[WhiteElo "2385"]
[BlackElo "2535"]
[EventDate "1998.12.28"]
[PlyCount "82"]

1.d4 e6 2.c4 f5 3.g3 Nf6 4.Bg2 c6 5.Nf3 d5 6.O-O Bd6 7.Qc2 O-O 8.Nc3 Ne4 
9.Rb1 Qe7 10.b4 Bd7 11.a4 a6 12.Ne5 Be8 13.f3 Nxc3 14.Qxc3 Nd7 15.Bd2 Bxe5
16.dxe5 Nb6 17.cxd5 cxd5 18.Qd4 Nc4 19.e4 Nxd2 20.Qxd2 fxe4 21.fxe4 Rxf1+ 
22.Rxf1 dxe4 23.Bxe4 Bxa4 24.Qg2 Rd8 25.Qh3 h6 26.Qg4 Be8 27.Rf6 Bf7 28.
Rxh6 Qc7 29.Qg5 Rd1+ 30.Kg2 Qc3 31.Rh4 Qe1 32.Bh7+ Kf8 33.Rf4 Rd2+ 34.Kh3 
Qe2 35.Bg6 Qxh2+ 36.Kg4 Qe2+ 37.Kh3 Qg2+ 38.Kg4 Qe2+ 39.Kh3 Qh2+ 40.Kg4 
Qe2+ 41.Kh3 Qh2+ 1/2-1/2

[Event "28th Rilton Cup"]
[Site "Stockholm SWE"]
[Date "1999.01.02"]
[Round "5.14"]
[White "Aengskog, Kent"]
[Black "Brynell, Stellan"]
[Result "0-1"]
[WhiteElo "2250"]
[BlackElo "2485"]
[EventDate "1998.12.28"]
[PlyCount "142"]

1.Nf3 d5 2.d4 Nf6 3.c4 dxc4 4.Nc3 Nc6 5.d5 Na5 6.Qa4+ c6 7.dxc6 Nxc6 8.e4 
a6 9.Bxc4 e6 10.O-O Bd7 11.Qd1 b5 12.Bd3 Qc7 13.h3 Bc5 14.Qe2 Nh5 15.Be3 
Nf4 16.Qd2 Nxd3 17.Qxd3 Nb4 18.Qd2 Bxe3 19.fxe3 Nc6 20.Rfd1 Rd8 21.Qd6 
Qxd6 22.Rxd6 Ke7 23.Rad1 f6 24.e5 fxe5 25.Ne4 Bc8 26.a3 Rxd6 27.Rxd6 Bb7 
28.Rd2 Nb8 29.Nc5 Bxf3 30.gxf3 Rc8 31.b4 a5 32.Rg2 g6 33.Rg5 axb4 34.axb4 
Nc6 35.Nd3 Rd8 36.Nxe5 Nxb4 37.Rg4 Rd1+ 38.Kf2 Nd5 39.Rh4 Kf6 40.Nd7+ Kg7 
41.Nc5 Nc7 42.Re4 Kf6 43.Rh4 h5 44.Rb4 Rd5 45.Ne4+ Ke7 46.Ke2 Rd8 47.Rb1 
Rb8 48.Rg1 Kf7 49.Ra1 Ke7 50.Rg1 Rg8 51.Kd3 Nd5 52.Ra1 Rd8 53.Ra7+ Rd7 54.
Rxd7+ Kxd7 55.Kd4 Kc6 56.Nd2 b4 57.Ke5 Nxe3 58.Kxe6 Nd5 59.Nb3 Nf4+ 60.Kf6
Kd5 61.Kg5 Nxh3+ 62.Kxg6 Ng1 63.Kxh5 Nxf3 64.Kg4 Ke4 65.Nc5+ Ke3 66.Kf5 
Kd4 67.Nb3+ Kc3 68.Na5 Nd2 69.Kf4 Nc4 70.Nb7 Kd4 71.Nd8 Kd5 0-1

[Event "28th Rilton Cup"]
[Site "Stockholm SWE"]
[Date "1999.01.02"]
[Round "5.15"]
[White "Johansson, Gunnar"]
[Black "Wedberg, Tom"]
[Result "0-1"]
[WhiteElo "2220"]
[BlackElo "2475"]
[EventDate "1998.12.28"]
[PlyCount "66"]

1.e4 e5 2.Nf3 Nc6 3.Bb5 Nf6 4.O-O Nxe4 5.d4 Nd6 6.Bxc6 dxc6 7.dxe5 Nf5 8.
Qxd8+ Kxd8 9.Nc3 a5 10.Bf4 Be6 11.Ng5 h6 12.Nxe6+ fxe6 13.g4 Ne7 14.Bg3 
Nd5 15.Ne4 b5 16.h3 Be7 17.f4 g6 18.Rf3 Rf8 19.Raf1 Kd7 20.Kg2 a4 21.Be1 
c5 22.c3 a3 23.b3 c4 24.bxc4 bxc4 25.Nd2 Ra4 26.Bg3 Rb8 27.f5 gxf5 28.gxf5
Rb2 29.R1f2 Rxa2 30.Bf4 Rc2 31.Bxh6 a2 32.Rf1 exf5 33.e6+ Kxe6 0-1

[Event "28th Rilton Cup"]
[Site "Stockholm SWE"]
[Date "1999.01.02"]
[Round "5.16"]
[White "Seeman, Tarvo"]
[Black "Holst, Allan"]
[Result "1/2-1/2"]
[WhiteElo "2475"]
[BlackElo "2350"]
[EventDate "1998.12.28"]
[PlyCount "100"]

1.Nf3 Nf6 2.g3 b6 3.Bg2 Bb7 4.O-O e6 5.d3 d5 6.e4 dxe4 7.Ng5 h6 8.Nxe4 
Nxe4 9.Bxe4 Bxe4 10.dxe4 Qxd1 11.Rxd1 Nd7 12.Nc3 O-O-O 13.Kg2 Be7 14.f4 
Kb7 15.Kf3 h5 16.Be3 Nb8 17.Bd4 Rhg8 18.Ne2 Nc6 19.Bc3 g6 20.a3 a5 21.h3 
Rxd1 22.Rxd1 Rd8 23.Rxd8 Bxd8 24.g4 hxg4+ 25.hxg4 Kc8 26.f5 exf5 27.exf5 
gxf5 28.gxf5 Kd7 29.Ke4 Bg5 30.a4 Nd8 31.b3 Nb7 32.Be5 Be7 33.Nd4 Nd8 34.
Nb5 c6 35.Nd4 Nb7 36.Nf3 Bd8 37.Bb8 f6 38.Nd4 Bc7 39.Bxc7 Kxc7 40.Ne6+ Kd7
41.c3 Kd6 42.b4 axb4 43.cxb4 c5 44.b5 Na5 45.Ng7 Nc4 46.Ne8+ Ke7 47.Nc7 
Kd6 48.Ne8+ Ke7 49.Nc7 Kd6 50.Ne8+ Ke7 1/2-1/2

[Event "28th Rilton Cup"]
[Site "Stockholm SWE"]
[Date "1999.01.02"]
[Round "5.17"]
[White "Kharitonov, Andrei"]
[Black "Schneider, Stefan"]
[Result "1-0"]
[WhiteElo "2570"]
[BlackElo "2320"]
[EventDate "1998.12.28"]
[PlyCount "87"]

1.d4 Nf6 2.Nf3 d5 3.c4 c6 4.e3 Bf5 5.cxd5 cxd5 6.Nc3 e6 7.Nh4 Nc6 8.Nxf5 
exf5 9.Be2 Be7 10.O-O O-O 11.Bd2 Rc8 12.Rc1 Qd7 13.Qa4 Bd6 14.Rfd1 Rfd8 
15.g3 Bf8 16.Be1 Ne4 17.a3 a6 18.Na2 Qe6 19.Rc2 Na7 20.Rdc1 Rxc2 21.Rxc2 
Rc8 22.Rxc8 Nxc8 23.Qc2 Bd6 24.Nb4 Ne7 25.Nd3 g6 26.b4 h5 27.Nc5 Qc8 28.
Qa4 Kg7 29.Qd7 Nxc5 30.Qxc8 Nxc8 31.dxc5 Be5 32.a4 Kf8 33.Bf3 Ne7 34.b5 
axb5 35.axb5 Ke8 36.Kf1 Kd7 37.Ke2 Ke6 38.Kd3 Nc8 39.Bd1 Na7 40.Ba4 Nc8 
41.b6 Bf6 42.Bc3 Be7 43.Bd4 Bd8 44.c6 1-0

[Event "28th Rilton Cup"]
[Site "Stockholm SWE"]
[Date "1999.01.02"]
[Round "5.26"]
[White "Eriksson, Joergen"]
[Black "Barkhagen, Jonas"]
[Result "0-1"]
[WhiteElo "2230"]
[BlackElo "2415"]
[EventDate "1998.12.28"]
[PlyCount "90"]

1.d4 c5 2.c3 cxd4 3.cxd4 d5 4.Nf3 Nf6 5.Nc3 Nc6 6.Bf4 a6 7.e3 Bg4 8.h3 
Bxf3 9.gxf3 e6 10.Rg1 b5 11.Bd3 g6 12.a4 b4 13.Nb1 Bg7 14.Nd2 O-O 15.Rc1 
Qd7 16.Nb3 Rfe8 17.Nc5 Qc8 18.Be5 Nd7 19.Bxg7 Kxg7 20.f4 Nxc5 21.Rxc5 Qd7 
22.Qe2 Ne7 23.b3 Rec8 24.Kd2 Rxc5 25.dxc5 d4 26.e4 Qc7 27.Qf3 Qxc5 28.Rc1 
Qb6 29.f5 e5 30.f6+ Qxf6 31.Qxf6+ Kxf6 32.a5 Ra7 33.Rc4 Kg5 34.Rxb4 Nc6 
35.Rb6 Nxa5 36.b4 Nb3+ 37.Kc2 Rc7+ 38.Kb2 Nd2 39.Bxa6 Nxe4 40.f3 Nc3 41.
Rd6 Kf4 42.b5 Kxf3 43.b6 Na4+ 44.Kb3 Nxb6 45.Rxb6 f5 0-1

[Event "28th Rilton Cup"]
[Site "Stockholm SWE"]
[Date "1999.01.02"]
[Round "5.28"]
[White "Sammalvuo, Tapani"]
[Black "Livner, Anders"]
[Result "1-0"]
[WhiteElo "2410"]
[BlackElo "2230"]
[EventDate "1998.12.28"]
[PlyCount "75"]

1.d4 Nf6 2.c4 g6 3.Nc3 Bg7 4.e4 d6 5.f3 O-O 6.Be3 Nc6 7.Nge2 a6 8.Qd2 Rb8 
9.Nc1 e5 10.d5 Nd4 11.N1e2 Nxe2 12.Bxe2 Nh5 13.O-O-O f5 14.g3 Bd7 15.c5 
Nf6 16.h3 f4 17.gxf4 Nh5 18.fxe5 Bxe5 19.Bg5 Qe8 20.cxd6 cxd6 21.h4 b5 22.
Rde1 b4 23.Nd1 b3 24.a3 Rc8+ 25.Kb1 Rc2 26.Qe3 Ng3 27.Bd3 Nxh1 28.Rxh1 Rc7
29.Bxa6 Bb5 30.Bxb5 Qxb5 31.h5 gxh5 32.Bh6 Rfc8 33.Nc3 Qa6 34.f4 Rxc3 35.
Qg1+ Kh8 36.fxe5 Qd3+ 37.Ka1 R3c7 38.Qf2 1-0

[Event "28th Rilton Cup"]
[Site "Stockholm SWE"]
[Date "1999.01.02"]
[Round "5.29"]
[White "Holmsten, Aleksei"]
[Black "Gambaeck, Bjoern"]
[Result "1/2-1/2"]
[WhiteElo "2400"]
[BlackElo "2215"]
[EventDate "1998.12.28"]
[PlyCount "60"]

1.e4 c5 2.Nf3 d6 3.d4 cxd4 4.Nxd4 Nf6 5.Nc3 g6 6.Be3 Bg7 7.f3 Nc6 8.Qd2 
O-O 9.O-O-O d5 10.Bh6 dxe4 11.Bxg7 Kxg7 12.fxe4 Qxd4 13.Qxd4 Nxd4 14.Rxd4 
e5 15.Rc4 Bd7 16.Rc5 Bc6 17.Rxe5 Rfe8 18.Rxe8 Rxe8 19.Bd3 Nxe4 20.Nxe4 
Bxe4 21.Re1 Bc6 22.Rg1 Be4 23.Kd2 f5 24.g3 Kf6 25.Rf1 g5 26.a3 h6 27.b4 
Re7 28.Rf2 Rd7 29.Ke3 Re7 30.Kd2 Rd7 1/2-1/2

[Event "28th Rilton Cup"]
[Site "Stockholm SWE"]
[Date "1999.01.03"]
[Round "6.5"]
[White "Ulybin, Mikhail"]
[Black "Bezold, Michael"]
[Result "1-0"]
[WhiteElo "2555"]
[BlackElo "2490"]
[EventDate "1998.12.28"]
[PlyCount "59"]

1.d4 d6 2.Nf3 Bg4 3.c4 Nd7 4.e4 e5 5.Be2 Be7 6.Ng1 Bxe2 7.Nxe2 Bg5 8.Nbc3 
Bxc1 9.Rxc1 Ne7 10.O-O O-O 11.Qd2 Nb6 12.b3 c5 13.d5 a6 14.g3 Nd7 15.f4 
Rb8 16.a4 Qb6 17.Rb1 f5 18.Kg2 h6 19.fxe5 Nxe5 20.Nf4 Rf7 21.Ne6 Qb4 22.
Qc2 fxe4 23.Rxf7 Nxf7 24.Nxe4 b5 25.axb5 axb5 26.Ra1 bxc4 27.bxc4 Qb7 28.
Kh3 Nxd5 29.cxd5 Qxd5 30.Nf6+ 1-0

[Event "28th Rilton Cup"]
[Site "Stockholm SWE"]
[Date "1999.01.03"]
[Round "6.6"]
[White "Gretarsson, Helgi Ass"]
[Black "Agrest, Evgenij"]
[Result "1-0"]
[WhiteElo "2480"]
[BlackElo "2545"]
[EventDate "1998.12.28"]
[PlyCount "79"]

1.d4 d6 2.e4 Nf6 3.Nc3 g6 4.f4 Bg7 5.Nf3 c5 6.dxc5 Qa5 7.Bd3 Qxc5 8.Qe2 
Nc6 9.Be3 Qa5 10.O-O Bg4 11.Kh1 O-O 12.Qe1 Bxf3 13.Rxf3 Rac8 14.Rh3 Rfe8 
15.a3 a6 16.Qh4 h5 17.f5 Ne5 18.Rf1 Rf8 19.Rg3 Neg4 20.Bd4 e5 21.Bg1 Qd8 
22.Rgf3 Rxc3 23.bxc3 d5 24.fxg6 dxe4 25.Bxe4 Nxe4 26.gxf7+ Kh7 27.Qxd8 
Rxd8 28.f8=Q Bxf8 29.Rxf8 Rd2 30.Re1 Nxc3 31.h3 Nh6 32.Rxe5 Rd1 33.Kh2 Kg7
34.Rf3 Nb5 35.Rxh5 Nf7 36.c4 Nbd6 37.Rd5 Rc1 38.Bd4+ Kg8 39.Rg3+ Kf8 40.
Bc5 1-0

[Event "28th Rilton Cup"]
[Site "Stockholm SWE"]
[Date "1999.01.03"]
[Round "6.7"]
[White "Brynell, Stellan"]
[Black "Stefansson, Hannes Hlifar"]
[Result "0-1"]
[WhiteElo "2485"]
[BlackElo "2535"]
[EventDate "1998.12.28"]
[PlyCount "86"]

1.e4 c6 2.d4 d5 3.exd5 cxd5 4.c4 Nf6 5.Nc3 e6 6.Nf3 Bb4 7.cxd5 Nxd5 8.Qc2 
Nc6 9.Be2 O-O 10.O-O Be7 11.Rd1 Nf6 12.a3 Bd7 13.Ne5 Be8 14.Be3 Bd6 15.Nc4
Bc7 16.Bf3 Nd5 17.Nxd5 exd5 18.Ne5 Bb6 19.Qb3 Ne7 20.Rac1 Qd6 21.Nd3 Bc6 
22.Bf4 Qf6 23.Be5 Qh6 24.Nb4 Rac8 25.Qe3 Qe6 26.Qd3 Ba4 27.b3 Bd7 28.h3 
Rxc1 29.Rxc1 a5 30.Nc2 Rc8 31.Re1 Qf5 32.Qxf5 Nxf5 33.Ne3 Nxe3 34.Rxe3 Be6
35.Rd3 Rc1+ 36.Kh2 Rc2 37.Kg3 f6 38.Bd6 Rc6 39.Bb8 Rc8 40.Bd6 Rd8 41.Bc5 
Bc7+ 42.Kh4 b6 43.Be7 Rd7 0-1

[Event "28th Rilton Cup"]
[Site "Stockholm SWE"]
[Date "1999.01.03"]
[Round "6.11"]
[White "Sammalvuo, Tapani"]
[Black "Yakovich, Yury"]
[Result "0-1"]
[WhiteElo "2410"]
[BlackElo "2560"]
[EventDate "1998.12.28"]
[PlyCount "74"]

1.e4 c5 2.Nf3 Nc6 3.d4 cxd4 4.Nxd4 Nf6 5.Nc3 e5 6.Ndb5 d6 7.Bg5 a6 8.Na3 
b5 9.Bxf6 gxf6 10.Nd5 Bg7 11.Bd3 Ne7 12.Nxe7 Qxe7 13.c4 f5 14.O-O O-O 15.
Qh5 Rb8 16.exf5 e4 17.Rae1 Bb7 18.Re3 bxc4 19.Bxc4 Qe5 20.Rh3 h6 21.Qg4 
Bc8 22.Rh5 Rxb2 23.Bb3 e3 24.fxe3 Qxe3+ 25.Kh1 Rf2 26.Qd1 Bb7 27.Rg1 Qe4 
28.Bc2 Qe2 29.Qxe2 Rxe2 30.Bd1 Rxa2 31.Bf3 Bxf3 32.gxf3 Kh7 33.Nc4 Rf2 34.
Nxd6 Rxf3 35.Ne4 Rf4 36.f6 Bxf6 37.Rg4 Rxg4 0-1

[Event "28th Rilton Cup"]
[Site "Stockholm SWE"]
[Date "1999.01.03"]
[Round "6.16"]
[White "Holst, Allan"]
[Black "Taimanov, Mark"]
[Result "1/2-1/2"]
[WhiteElo "2350"]
[BlackElo "2455"]
[EventDate "1998.12.28"]
[PlyCount "83"]

1.Nf3 Nf6 2.c4 e6 3.g3 d5 4.Bg2 dxc4 5.Qa4+ Bd7 6.Qxc4 Nc6 7.d4 Rc8 8.O-O 
Na5 9.Qd3 c5 10.dxc5 Bxc5 11.Nc3 O-O 12.Ne5 Bc6 13.Qxd8 Rfxd8 14.Nxc6 Nxc6
15.Bf4 h6 16.Rad1 Kf8 17.Bxc6 bxc6 18.Na4 Rxd1 19.Rxd1 Be7 20.b3 Nd5 21.
Bd2 Nb6 22.Nb2 Ke8 23.Bc3 f6 24.Kf1 e5 25.e4 Ba3 26.Ke2 Bxb2 27.Bxb2 c5 
28.Rc1 Kd7 29.Ba3 c4 30.bxc4 Nxc4 31.Bb4 h5 32.Rc2 Rc6 33.Bf8 g6 34.Kd3 
Nd6 35.Rxc6 Kxc6 36.Be7 f5 37.Bxd6 Kxd6 38.exf5 gxf5 39.Kc4 Kc6 40.h3 a6 
41.a4 Kd6 42.a5 1/2-1/2

[Event "28th Rilton Cup"]
[Site "Stockholm SWE"]
[Date "1999.01.03"]
[Round "6.18"]
[White "Welin, Mats"]
[Black "Barkhagen, Jonas"]
[Result "1/2-1/2"]
[WhiteElo "2235"]
[BlackElo "2415"]
[EventDate "1998.12.28"]
[PlyCount "106"]

1.e4 e5 2.Nf3 Nc6 3.Bb5 a6 4.Ba4 Nf6 5.O-O Be7 6.Re1 b5 7.Bb3 O-O 8.a4 Rb8
9.axb5 axb5 10.Nc3 d6 11.Nd5 Bg4 12.c3 Qd7 13.h3 Be6 14.d4 exd4 15.Nxe7+ 
Nxe7 16.Bxe6 fxe6 17.cxd4 d5 18.exd5 exd5 19.Qc2 Ne4 20.Ne5 Qd6 21.f3 Nf5 
22.Qd3 Neg3 23.Bd2 Ra8 24.Rac1 Ra2 25.Rc6 Qd8 26.Bc3 Nd6 27.Rc5 Nh5 28.Bd2
Qh4 29.Rxd5 Nf4 30.Qb3 Rxb2 31.Qxb2 Nxd5 32.Ng4 Kh8 33.Qc1 Qg3 34.Re5 Nf4 
35.Bxf4 Qxf4 36.Qxc7 Nc4 37.Re7 Qxd4+ 38.Kh2 h5 39.Rf7 Re8 40.Nf6 Qd6+ 41.
Qxd6 Nxd6 42.Rd7 gxf6 43.Rxd6 Kg7 44.Rb6 Re5 45.h4 Rc5 46.Kg3 Kg6 47.Kf4 
Rc4+ 48.Ke3 b4 49.g3 Rc3+ 50.Kf4 Rc4+ 51.Ke3 Rc3+ 52.Kf4 Rc4+ 53.Ke3 Rc3+ 
1/2-1/2

[Event "28th Rilton Cup"]
[Site "Stockholm SWE"]
[Date "1999.01.03"]
[Round "6.19"]
[White "Bjarnehag, Peter"]
[Black "Hall, Jesper"]
[Result "0-1"]
[WhiteElo "2260"]
[BlackElo "2485"]
[EventDate "1998.12.28"]
[PlyCount "100"]

1.Nf3 c5 2.c4 Nc6 3.Nc3 e5 4.e3 Nf6 5.d4 cxd4 6.exd4 e4 7.Ne5 Bb4 8.Be2 
Qa5 9.Nxc6 Bxc3+ 10.bxc3 dxc6 11.Qb3 O-O 12.O-O Re8 13.Bf4 b6 14.Rae1 Qf5 
15.Be5 Bd7 16.Qc2 Qg6 17.Qc1 Rxe5 18.dxe5 Bh3 19.g3 Bxf1 20.Bxf1 Ng4 21.
Qf4 Qh5 22.h3 Nxe5 23.g4 Ng6 24.Qc7 Qc5 25.Rxe4 Rf8 26.Rd4 Qa3 27.Qxc6 
Qxc3 28.Rd3 Qa1 29.Rd2 h6 30.Qd6 Re8 31.Qd4 Qc1 32.Qb2 Qe1 33.Re2 Rxe2 34.
Qxe2 Qxe2 35.Bxe2 Kf8 36.Kh2 Ke7 37.Kg3 Kd6 38.f4 Kc5 39.h4 Kd4 40.h5 Ne7 
41.Kf3 Nc8 42.Bf1 Nd6 43.g5 a5 44.Be2 f6 45.Bf1 a4 46.Be2 a3 47.Kg4 f5+ 
48.Kf3 Nxc4 49.Bd1 b5 50.Bc2 b4 0-1

[Event "28th Rilton Cup"]
[Site "Stockholm SWE"]
[Date "1999.01.03"]
[Round "6.21"]
[White "Bergstroem, Rolf"]
[Black "Matros, Alexander"]
[Result "0-1"]
[WhiteElo "2295"]
[BlackElo "2385"]
[EventDate "1998.12.28"]
[PlyCount "66"]

1.e4 c5 2.c3 d5 3.exd5 Qxd5 4.d4 Nf6 5.Be3 cxd4 6.cxd4 Bg4 7.f3 Qe6 8.Kf2 
Nd5 9.Bd2 Bf5 10.Bc4 Qd7 11.Ne2 Nc6 12.Qb3 e6 13.g4 Bxb1 14.Raxb1 Be7 15.
Rbd1 O-O 16.Bd3 Rfd8 17.Bb1 g6 18.h4 Rac8 19.h5 Bf6 20.hxg6 hxg6 21.f4 
Nxd4 22.Qh3 Qb5 23.Bd3 Qxb2 24.f5 gxf5 25.gxf5 Kf8 26.fxe6 Nxe6 27.Bh6+ 
Bg7 28.Bf5 Qf6 29.Qa3+ Kg8 30.Rh5 Bxh6 31.Qf3 Ne3 32.Rxd8+ Rxd8 33.Rxh6 
Qxh6 0-1

[Event "28th Rilton Cup"]
[Site "Stockholm SWE"]
[Date "1999.01.03"]
[Round "6.22"]
[White "Leer-Salvesen, Bjarte"]
[Black "Hillarp Persson, Tiger"]
[Result "1-0"]
[WhiteElo "2250"]
[BlackElo "2410"]
[EventDate "1998.12.28"]
[PlyCount "73"]

1.c4 g6 2.g3 Bg7 3.Bg2 d6 4.Nf3 e5 5.Nc3 Nc6 6.O-O f5 7.d3 Nf6 8.Rb1 O-O 
9.b4 h6 10.b5 Ne7 11.c5 Be6 12.cxd6 cxd6 13.Ba3 Rc8 14.Rc1 g5 15.Nd2 d5 
16.Qb3 Kh8 17.e4 Re8 18.Bxe7 Rxe7 19.exd5 Bg8 20.Nc4 Rec7 21.b6 axb6 22.
Qxb6 e4 23.d6 Rc5 24.Qxd8 Rxd8 25.Na4 Rc6 26.Nab6 Rcxd6 27.Nxd6 Rxd6 28.
Nc4 Rxd3 29.Ne5 Ra3 30.Rc7 Be6 31.Rxb7 Rxa2 32.Rc1 Nd5 33.Ng6+ Kg8 34.Ne7+
Nxe7 35.Rxe7 Bb2 36.Rc2 Be5 37.Re8+ 1-0

[Event "28th Rilton Cup"]
[Site "Stockholm SWE"]
[Date "1999.01.03"]
[Round "6.24"]
[White "Aengskog, Kent"]
[Black "Yrjola, Jouni"]
[Result "0-1"]
[WhiteElo "2250"]
[BlackElo "2400"]
[EventDate "1998.12.28"]
[PlyCount "82"]

1.Nf3 d6 2.e4 c5 3.c3 Nf6 4.Be2 Nbd7 5.d3 b6 6.O-O Bb7 7.Re1 g6 8.Nbd2 Bg7
9.Nf1 O-O 10.Ng3 e5 11.Bf1 Re8 12.Bd2 d5 13.Qc1 c4 14.Bg5 cxd3 15.Bxd3 Nc5
16.Bc2 Qc7 17.exd5 Nxd5 18.Bh6 Nf4 19.Bxg7 Kxg7 20.Qe3 f6 21.Rad1 Nd5 22.
Qc1 Rad8 23.Ne4 Ne6 24.Bb3 Nef4 25.a3 Qc6 26.c4 Ne7 27.c5 Rxd1 28.Qxd1 Nf5
29.Qc2 Rd8 30.Qc4 Qc7 31.cxb6 Qxc4 32.Bxc4 axb6 33.Nfd2 Nd6 34.Nxd6 Rxd6 
35.Nb3 Nxg2 36.Rc1 Nf4 37.Bf1 Bd5 38.Rc7+ Kh6 39.Nc1 Bf3 40.Rb7 Rd1 41.h4 
Rxc1 0-1

[Event "28th Rilton Cup"]
[Site "Stockholm SWE"]
[Date "1999.01.03"]
[Round "6.27"]
[White "Gambaeck, Bjoern"]
[Black "Sjoeberg, Mats"]
[Result "0-1"]
[WhiteElo "2215"]
[BlackElo "2385"]
[EventDate "1998.12.28"]
[PlyCount "80"]

1.e4 c5 2.Nf3 e6 3.c3 Nf6 4.e5 Nd5 5.d4 cxd4 6.cxd4 d6 7.a3 Nd7 8.Bd3 dxe5
9.dxe5 Be7 10.O-O Nc5 11.Bc2 a5 12.Nbd2 b6 13.Nd4 Bb7 14.Ne4 Nxe4 15.Bxe4 
Nc3 16.Bxb7 Nxd1 17.Bc6+ Kf8 18.Rxd1 g5 19.Nxe6+ fxe6 20.Rxd8+ Rxd8 21.Be3
Rb8 22.Kf1 Kf7 23.Ke2 h6 24.f4 Bc5 25.Rf1 Bxe3 26.fxg5+ Ke7 27.Kxe3 hxg5 
28.h3 Rbc8 29.Ba4 Rc5 30.Rd1 Rxe5+ 31.Kf3 Rd8 32.Rxd8 Kxd8 33.b4 Rf5+ 34.
Ke3 axb4 35.axb4 Rf4 36.Bb3 Ke7 37.b5 Rb4 38.Bc2 Rxb5 39.g3 Rb4 40.Be4 Kf6
0-1

[Event "28th Rilton Cup"]
[Site "Stockholm SWE"]
[Date "1999.01.03"]
[Round "6.28"]
[White "Hermansson, Emil"]
[Black "Trygstad, Kristian"]
[Result "1-0"]
[WhiteElo "2340"]
[BlackElo "2255"]
[EventDate "1998.12.28"]
[PlyCount "75"]

1.e4 c6 2.d4 d5 3.Nd2 dxe4 4.Nxe4 Bf5 5.Ng3 Bg6 6.h4 h6 7.Nf3 Nf6 8.Ne5 
Bh7 9.Bc4 e6 10.Qe2 Nd5 11.Qf3 Qe7 12.Bb3 Nd7 13.Bd2 Nxe5 14.dxe5 Qc7 15.
Qe2 Qb6 16.O-O O-O-O 17.Rad1 Be7 18.h5 g6 19.Qf3 Bh4 20.Ne4 gxh5 21.c4 Bf5
22.cxd5 Bg4 23.Qxf7 Rhf8 24.Nd6+ Kb8 25.Ba5 Rxf7 26.Bxb6 Rxd6 27.exd6 Bxd1
28.Bc7+ Kc8 29.Bxd1 cxd5 30.Bxh5 Rf8 31.g3 Bf6 32.Bg4 Kd7 33.Re1 Re8 34.f4
Bd4+ 35.Kg2 Bc5 36.f5 Bxd6 37.Bxd6 Kxd6 38.Rxe6+ 1-0

[Event "28th Rilton Cup"]
[Site "Stockholm SWE"]
[Date "1999.01.03"]
[Round "6.29"]
[White "Hansen, Torbjoern Ringdal"]
[Black "Nouro, Mikael"]
[Result "0-1"]
[WhiteElo "2060"]
[BlackElo "2335"]
[EventDate "1998.12.28"]
[PlyCount "68"]

1.c4 g6 2.Nc3 Bg7 3.g3 Nf6 4.Bg2 O-O 5.Nf3 d6 6.O-O c6 7.d4 Bf5 8.h3 Ne4 
9.Nh4 Nxc3 10.bxc3 Be6 11.Qd3 Qa5 12.Bd2 Nd7 13.f4 Nb6 14.f5 Bxc4 15.Qe4 
Rae8 16.fxg6 hxg6 17.Qg4 Be6 18.Qe4 Bd5 19.Qd3 Bxg2 20.Kxg2 Qb5 21.Qf3 Nc4
22.Bf4 e5 23.Rab1 Qa5 24.Bg5 exd4 25.Qg4 Qd5+ 26.Kg1 dxc3 27.Rxb7 Qd4+ 28.
Qxd4 Bxd4+ 29.Kh1 Rxe2 30.Bh6 Ne3 31.Nf3 Nxf1 32.Nxd4 Nxg3+ 33.Kg1 Rxa2 
34.Nxc6 Re8 0-1

[Event "28th Rilton Cup"]
[Site "Stockholm SWE"]
[Date "1999.01.03"]
[Round "6.36"]
[White "Sjoedin, Bengt"]
[Black "Paterek, Michal"]
[Result "0-1"]
[WhiteElo "2175"]
[BlackElo "2050"]
[EventDate "1998.12.28"]
[PlyCount "110"]

1.d4 f5 2.Nc3 d5 3.Bg5 Nf6 4.Bxf6 exf6 5.e3 c6 6.Bd3 Bd6 7.Qf3 g6 8.Nge2 
Be6 9.h3 Qe7 10.g4 fxg4 11.hxg4 Rf8 12.O-O-O Nd7 13.Nf4 Bg8 14.e4 dxe4 15.
Bxe4 O-O-O 16.Rhe1 Qg7 17.Kb1 Kb8 18.Bd3 Rfe8 19.Ne4 Bc7 20.c3 Re7 21.Nd2 
Nb6 22.Re3 Rde8 23.Rde1 Nd5 24.Nxd5 Bxd5 25.Be4 Be6 26.Bd3 Qf7 27.b3 Bd5 
28.Be4 Be6 29.Kc2 f5 30.gxf5 gxf5 31.Bd3 f4 32.R3e2 h5 33.Qh1 a6 34.f3 Bb6
35.Qh4 Bd8 36.Qh2 Bc7 37.Rh1 h4 38.Rg1 h3 39.Rg5 Rg8 40.Rxg8+ Qxg8 41.Ne4 
Rg7 42.Nf6 Qf7 43.Ne4 Bc8 44.Qh1 Qh5 45.Rh2 Rg3 46.Nd2 Qg5 47.Re2 Rg1 48.
Qh2 Rg2 49.Qh1 Rxe2 50.Bxe2 Qg3 51.Qf1 Bd8 52.c4 Qg7 53.d5 h2 54.Ne4 Bf5 
55.dxc6 Qg1 0-1

[Event "28th Rilton Cup"]
[Site "Stockholm SWE"]
[Date "1999.01.03"]
[Round "6.38"]
[White "Schneider, Stefan"]
[Black "Nygren, David"]
[Result "1-0"]
[WhiteElo "2320"]
[BlackElo "2150"]
[EventDate "1998.12.28"]
[PlyCount "47"]

1.d4 e6 2.c4 d5 3.Nf3 c5 4.cxd5 exd5 5.g3 Nc6 6.Bg2 Nf6 7.O-O Be7 8.Nc3 
O-O 9.dxc5 Bxc5 10.Bg5 d4 11.Ne4 Be7 12.Bxf6 Bxf6 13.b4 d3 14.Nxf6+ Qxf6 
15.Qxd3 Nxb4 16.Qd4 Qe7 17.Qb2 Nc6 18.Rab1 Bf5 19.e4 Bxe4 20.Rbe1 f5 21.
Nd2 Rf6 22.Nxe4 Re6 23.Nf6+ Qxf6 24.Qxb7 1-0

[Event "28th Rilton Cup"]
[Site "Stockholm SWE"]
[Date "1999.01.04"]
[Round "7.1"]
[White "Aakesson, Ralf"]
[Black "Markovic, Miroslav"]
[Result "1/2-1/2"]
[WhiteElo "2510"]
[BlackElo "2575"]
[EventDate "1998.12.28"]
[PlyCount "82"]

1.d4 Nf6 2.c4 g6 3.Nc3 Bg7 4.e4 d6 5.h3 O-O 6.Bg5 Nbd7 7.Nf3 c5 8.d5 b5 9.
cxb5 a6 10.a4 Qa5 11.Bd2 Qb4 12.Bd3 c4 13.Bc2 Ne8 14.Qc1 axb5 15.axb5 Bb7 
16.Rxa8 Bxa8 17.Qa1 Nc7 18.O-O Rb8 19.Rb1 Nc5 20.Qa3 Bxc3 21.Qxc3 Qxc3 22.
bxc3 Rxb5 23.Nd4 Rxb1+ 24.Bxb1 e6 25.dxe6 fxe6 26.f3 e5 27.Nc2 Nb3 28.Be1 
Bc6 29.Ne3 Bb5 30.g3 Ne6 31.Nd5 Nec5 32.Kf1 Nd3 33.Ke2 Kf7 34.Bxd3 cxd3+ 
35.Ke3 Na1 36.Nb4 Nc2+ 37.Kd2 Nxb4 38.cxb4 Ke6 39.Ke3 d5 40.exd5+ Kxd5 41.
Bc3 Kc4 1/2-1/2

[Event "28th Rilton Cup"]
[Site "Stockholm SWE"]
[Date "1999.01.04"]
[Round "7.6"]
[White "Kharitonov, Andrei"]
[Black "Bellon Lopez, Juan Manuel"]
[Result "1/2-1/2"]
[WhiteElo "2570"]
[BlackElo "2490"]
[EventDate "1998.12.28"]
[PlyCount "53"]

1.d4 Nf6 2.Nf3 c5 3.d5 d6 4.Nc3 Qa5 5.Bd2 b5 6.Ne4 Qb6 7.Nxf6+ exf6 8.e4 
Be7 9.c4 f5 10.exf5 bxc4 11.Bc3 Bf6 12.Bxf6 gxf6 13.Qc2 O-O 14.O-O-O Nd7 
15.Nd2 Ne5 16.f4 Nd3+ 17.Bxd3 cxd3 18.Qxd3 Rb8 19.Qg3+ Kh8 20.Qc3 Qb4 21.
Qxf6+ Kg8 22.g4 Ba6 23.Rhe1 Bd3 24.Re3 c4 25.Qg5+ Kh8 26.Qf6+ Kg8 27.Qg5+ 
1/2-1/2

[Event "28th Rilton Cup"]
[Site "Stockholm SWE"]
[Date "1999.01.04"]
[Round "7.7"]
[White "Yakovich, Yury"]
[Black "Wedberg, Tom"]
[Result "1/2-1/2"]
[WhiteElo "2560"]
[BlackElo "2475"]
[EventDate "1998.12.28"]
[PlyCount "80"]

1.d4 Nf6 2.c4 e6 3.Nf3 c5 4.d5 d6 5.Nc3 exd5 6.cxd5 g6 7.Bf4 a6 8.e4 b5 9.
Qe2 Be7 10.Qc2 O-O 11.a4 b4 12.Nb1 Nh5 13.Bh6 Re8 14.Nbd2 Nd7 15.Bd3 Ndf6 
16.Be3 Ng4 17.Nc4 Nxe3 18.Nxe3 Nf4 19.Bc4 Bf6 20.O-O Qe7 21.Nd2 Bd4 22.
Rae1 Qg5 23.Nf3 Qh5 24.Be2 b3 25.Qxb3 Nxe2+ 26.Rxe2 Rxe4 27.Qd3 Re7 28.
Nxd4 cxd4 29.Ng4 Qh4 30.Rxe7 Qxe7 31.Qxd4 Bxg4 32.Qxg4 Qe5 33.Qc4 Qxb2 34.
Qc6 Qb8 35.Re1 Qd8 36.g3 Kg7 37.Rb1 a5 38.Rb6 Rc8 39.Qxd6 Qxd6 40.Rxd6 Rc4
1/2-1/2

[Event "28th Rilton Cup"]
[Site "Stockholm SWE"]
[Date "1999.01.04"]
[Round "7.9"]
[White "Agrest, Evgenij"]
[Black "Couso, Luis"]
[Result "1-0"]
[WhiteElo "2545"]
[BlackElo "2255"]
[EventDate "1998.12.28"]
[PlyCount "103"]

1.c4 Nf6 2.Nc3 g6 3.d4 Bg7 4.e4 d6 5.h3 O-O 6.Bg5 Na6 7.Nge2 h6 8.Be3 e5 
9.d5 c6 10.g4 h5 11.g5 Nh7 12.Rg1 cxd5 13.cxd5 Bd7 14.Nc1 Nc5 15.Nd3 Nxd3+
16.Qxd3 f6 17.gxf6 Rxf6 18.O-O-O a6 19.Kb1 Qf8 20.Qd2 Qf7 21.Rc1 Rf3 22.
Bg2 Rf6 23.Nd1 Rc8 24.Rxc8+ Bxc8 25.Nc3 Qe8 26.Rc1 Bd7 27.Nd1 Rf7 28.Qb4 
Bf8 29.b3 Qd8 30.Rc3 Bb5 31.Nb2 Qh4 32.a4 Bd7 33.Bb6 Nf6 34.Qc4 Qf4 35.Rg3
Qd2 36.Rxg6+ Kh7 37.Rg3 Bh6 38.Qc2 Qe1+ 39.Ka2 Bf4 40.Nd3 Qd2 41.Qxd2 Bxd2
42.h4 Bg4 43.Be3 Rc7 44.Kb1 Bxe3 45.Rxe3 Bd1 46.Bh3 Kh8 47.Ne1 b5 48.axb5 
axb5 49.f3 b4 50.Kb2 Rg7 51.Kc1 Rg3 52.Bf5 1-0